000 00811cab a2200193 4500
001 ##L131461
008 051104n2005 000 0 eng u
035 _a(Sirsi) u131461
041 0 _aeng
100 1 _aFletcher, Jon
245 0 0 _aGame on?
260 _c2005
490 0 _aQS Week
_v(25) 12 October 2005, 10-11(2)
520 _aComments on the draft procurement strategy for the 2012 Olympic Games, recently published by the London Development Agency (LDA). Two of the initial seven priority contracts have already been awarded, but there are concerns that delays in letting the project management contract, and the complexity of the overall decision-making process, may hinder further progress.
590 _aIKA081105
650 2 4 _aOLYMPIC GAMES 2012
690 _aProcurement
_96260
942 _n0
999 _c76094
_d76094